000 00555nam a22001937a 4500
003 KOHA_MİRAKIL
005 20251111083047.0
008 251111b tu ||||| |||| 00| 0 tur d
020 _a9755334890
040 _aTR-AnABB
_btur
_cTR-AnABB
041 _atur
082 _a823.8
_bMOR 2006
100 1 _aMorier, James,
245 1 0 _aİsfahan'dan İstanbul'a Hacı Baba'nın maceraları /
_cJames Morier
260 _aAnkara :
_bİmge Kitapevi,
_c2006
300 _a505 sayfa ;
_c20 cm
650 0 4 _aİngiliz edebiyatı, roman
942 _2ddc
_cBK
999 _c9326
_d9326
900 _bGizem YORULMAZ